Statistics for Unknown Batman Villains

Click here to take the quiz!

General Stats

  • This quiz has been taken 15 times
  • The average score is 3 of 9

Answer Stats

Answer% Correct
Catman
100%
Orca
50%
March Hare
40%
The Zodiac Master
40%
Cornelius Stirk
20%
Monarch of Menace
20%
The Wrath
20%
The Savage Skull
10%
Dr. Ebeneezer Dark
0%

Score Distribution

Percentile by Number Answered

Percent of People with Each Score

Your Score History

You have not taken this quiz